Statistiques concernant France-Turquie

Cliquez ici pour prendre le quiz!

Statistiques générales

  • Ce quiz a été pris 17 fois
  • Le résultat moyen est 3 sur 10

Statistiques - réponses

HintRéponse% Correct
Lyon - FenerbahçeMathieu Valbuena
94%
Girondins de Bordeaux - AntalyasporJérémy Ménez
59%
Marseille - Galatasaray SKBafétimbi Gomis
53%
Séville - AntalyasporSamir Nasri
47%
Manchester City - İstanbul BaşakşehirGael Clichy
29%
Galatasaray SK - MarseilleFranck Ribéry
18%
Girondins de Bordeaux - Galatasaray SKCédric Carrasso
6%
Paris Saint Germain - AnkaragücüJérôme Rothen
0%
Newcastle - Göztepe SKYoan Gouffran
0%
Olympiacos - Yeni MalatyasporAly Cissokho
0%

Distribution des résultats

Percentile par nombre de réponses

% des personnes avec chaque résultat

Votre développement - résultats

Vous n’avez pas pris ce quiz